Footballeurs brésiliens (par images). - Statistiques

Statistiques générales
  • Ce quiz a été pris 586 fois
  • Le résultat moyen est 14 sur 20
Statistiques - réponses
Par images Réponse % Correct
Neymar
100%
Pelé
99%
Ronaldinho
99%
Ronaldo
99%
Kaka
98%
Marcelo
96%
Thiago Silva
95%
Roberto Carlos
91%
Rivaldo
89%
Cafu
85%
Sócrates
76%
Garrincha
75%
Zico
65%
Jairzinho
52%
Romário
51%
Carlos Alberto
42%
Cláudio Taffarel
22%
Didi
8%
Aldair
5%
Gérson
3%
Aucun quiz correspondant
Distribution des résultats
% des personnes avec chaque résultat
Percentile par nombre de réponses
Votre historique - résultats
Vous n’avez pas pris ce quiz